000
00186 a2200097 4500
020
_a
9788402090102
041
_a
spa
100
_a
Franz brandenberg
245
_a
Leo y Emilia
942
_c
K
999
_c
31226
_d
31224